[Event "Cappelle op 39th"]
[Site "Cappelle la Grande"]
[Date "2023.02.20"]
[Round "4"]
[White "Sasikiran, Krishnan"]
[Black "Muller, Etienne"]
[Result "1-0"]
[WhiteElo "2619"]
[BlackElo "2197"]
[PlyCount "65"]
[EventDate "2023.02.18"]
[EventType "swiss"]
[EventRounds "9"]
[EventCountry "FRA"]
[SourceTitle "CBM 213 Extra"]
[Source "ChessBase"]
[SourceDate "2023.05.31"]
[SourceVersion "1"]
[SourceVersionDate "2023.05.31"]
[SourceQuality "1"]

1. d4 Nf6 2. c4 c5 3. d5 e5 4. Nc3 d6 5. e4 Be7 6. g3 0-0 7. Bg2 Nbd7 8. Nge2 Ne8 9. 0-0 g6 10. Bh6 Ng7 11. Qd2 Nf6 12. h3 Kh8 13. Rae1 Ng8 14. Be3 f5 15. f4 Nf6 16. Kh2 fxe4 17. fxe5 dxe5 18. g4 Bxg4 19. Rxf6 Rxf6 20. hxg4 Qd7 21. Bh3 Raf8 22. Nxe4 Rf3 23. N2g3 Bh4 24. Rg1 h5 25. gxh5 Qe8 26. h6 Nf5 27. Nxf5 gxf5 28. Qg2 Bg3+ 29. Nxg3 Rxe3 30. Nxf5 Rxh3+ 31. Qxh3 Rf7 32. Qg4 Qf8 33. Qg7+ 1-0

[Event "Oberliga Sued W 1920"]
[Site "Germany"]
[Date "2021.07.11"]
[Round "8.2"]
[White "Geyer, Bernhard"]
[Black "Muller, Etienne"]
[Result "1-0"]
[WhiteElo "2169"]
[BlackElo "2197"]
[PlyCount "125"]
[EventDate "2019.09.29"]
[EventType "team-tourn"]
[EventRounds "9"]
[EventCountry "GER"]
[SourceTitle "EXT 2023"]
[Source "ChessBase"]
[SourceDate "2022.10.05"]
[SourceVersion "1"]
[SourceVersionDate "2022.10.05"]
[SourceQuality "1"]
[WhiteTeam "Frankenthal"]
[BlackTeam "Saarbruecken Gambit"]
[WhiteTeamCountry "GER"]
[BlackTeamCountry "GER"]

1. d4 Nf6 2. Nf3 d5 3. g3 g6 4. Bg2 Bg7 5. 0-0 0-0 6. h3 Bf5 7. Kh2 Nc6 8. a3 Ne4 9. Bf4 Re8 10. c3 e5 11. dxe5 Nxe5 12. Bxe5 Bxe5 13. Nxe5 Rxe5 14. Nd2 c5 15. Nf3 Re7 16. e3 Qb6 17. Qc1 a5 18. g4 Bd7 19. Kg1 Qf6 20. Qc2 Bc6 21. Rac1 a4 22. Nh2 Rae8 23. Rfe1 h6 24. Rcd1 Kg7 25. f3 Nd6 26. Qf2 Nc4 27. Nf1 Nd6 28. Ng3 b5 29. f4 Nc4 30. Nf1 d4 31. Bxc6 dxe3 32. Nxe3 Qxc6 33. Nxc4 bxc4 34. Rxe7 Rxe7 35. f5 Re5 36. fxg6 Qxg6 37. Qf4 Re2 38. Rf1 Qe6 39. Rf2 Re4 40. Qf5 Re1+ 41. Kg2 Qc6+ 42. Kg3 Rg1+ 43. Kh4 Qc7 44. Qf6+ Kg8 45. Kh5 Rg3 46. h4 Qd7 47. Rf5 Rg2 48. Qxh6 f6 49. Qg6+ Qg7 50. Rxf6 Re2 51. Qxg7+ Kxg7 52. Ra6 Rxb2 53. Rxa4 Kf6 54. Rxc4 Rb8 55. g5+ Kg7 56. Rxc5 Ra8 57. Rc7+ Kg8 58. g6 Rxa3 59. Kh6 Ra8 60. c4 Rd8 61. c5 Re8 62. c6 Kh8 63. Rd7 1-0

[Event "Oberliga Sued W 1920"]
[Site "Germany"]
[Date "2020.03.01"]
[Round "7.1"]
[White "Becking, Stephan"]
[Black "Muller, Etienne"]
[Result "1-0"]
[WhiteElo "2408"]
[BlackElo "2202"]
[PlyCount "57"]
[EventDate "2019.09.29"]
[EventType "team-tourn"]
[EventRounds "9"]
[EventCountry "GER"]
[SourceTitle "EXT 2021"]
[Source "ChessBase"]
[SourceDate "2020.10.23"]
[SourceVersion "1"]
[SourceVersionDate "2020.10.23"]
[SourceQuality "1"]

1. e4 d6 2. d4 Nf6 3. Nc3 g6 4. Bg5 c6 5. Qd2 b5 6. f3 Nbd7 7. d5 b4 8. dxc6 bxc3 9. cxd7+ Bxd7 10. Qxc3 Bg7 11. Qd2 Rb8 12. Rb1 Nh5 13. c4 f5 14. Bd3 fxe4 15. Bxe4 Qc7 16. b3 Nf6 17. Bd3 Nd5 18. Rc1 Nb4 19. Bb1 Qa5 20. Ne2 Bf5 21. Bxf5 gxf5 22. 0-0 Qxa2 23. Qe3 Nc6 24. Qe6 Rxb3 25. Nf4 Re3 26. Qc8+ Nd8 27. Qxf5 e6 28. Qb5+ Kf8 29. Qb8 1-0

[Event "Wasselonne op 23rd"]
[Site "Wasselonne"]
[Date "2019.08.02"]
[Round "3"]
[White "Bellahcene, Bilel"]
[Black "Muller, Etienne"]
[Result "1-0"]
[WhiteElo "2550"]
[BlackElo "2187"]
[PlyCount "55"]
[EventDate "2019.08.01"]
[EventType "swiss"]
[EventRounds "7"]
[EventCountry "FRA"]
[SourceTitle "CBM 191 Extra"]
[Source "ChessBase"]
[SourceDate "2019.09.30"]
[SourceVersion "1"]
[SourceVersionDate "2019.09.30"]
[SourceQuality "1"]

1. d4 Nf6 2. c4 g6 3. Nc3 Bg7 4. e4 d6 5. h3 0-0 6. Nf3 e5 7. d5 a5 8. Be3 Na6 9. g4 c6 10. Nd2 Bd7 11. Be2 Rb8 12. g5 Ne8 13. h4 Nc5 14. h5 Nc7 15. a3 cxd5 16. exd5 Bf5 17. hxg6 fxg6 18. Bxc5 dxc5 19. Nde4 Ne8 20. d6 Rf7 21. Qd5 Qd7 22. Qxc5 Rc8 23. Qd5 Be6 24. Qxa5 Rf4 25. c5 Qc6 26. f3 Bf8 27. Bb5 Rxe4+ 28. Nxe4 1-0

[Event "Metz op 37th"]
[Site "Metz"]
[Date "2019.04.13"]
[Round "8"]
[White "Muller, Etienne"]
[Black "Bujisho, Benjamin"]
[Result "1-0"]
[WhiteElo "2166"]
[BlackElo "2339"]
[PlyCount "100"]
[EventDate "2019.04.08"]
[EventType "swiss"]
[EventRounds "9"]
[EventCountry "FRA"]
[SourceTitle "CBM 189 Extra"]
[Source "ChessBase"]
[SourceDate "2019.06.03"]
[SourceVersion "1"]
[SourceVersionDate "2019.06.03"]
[SourceQuality "1"]

1. e4 c5 2. Nf3 e6 3. d4 cxd4 4. Nxd4 Nc6 5. Nc3 Qc7 6. Be3 a6 7. Qd2 Nf6 8. 0-0-0 Bb4 9. f3 Ne7 10. Kb1 Ba5 11. Nb3 Bxc3 12. Qxc3 Qxc3 13. bxc3 d5 14. e5 Nd7 15. f4 b6 16. a4 Bb7 17. Kc1 Rc8 18. Kd2 0-0 19. Bd3 Rc7 20. Bd4 Nc6 21. Rb1 f6 22. exf6 gxf6 23. Rhf1 Rf7 24. Be3 e5 25. Bf5 Re7 26. Bxd7 Rcxd7 27. Bxb6 Rg7 28. g3 Bc8 29. Na5 Nxa5 30. Bxa5 Bb7 31. Rb6 Rgf7 32. Re6 Rde7 33. Rd6 Kg7 34. c4 dxc4 35. Bc3 Bc8 36. Re1 e4 37. Ke3 Kg6 38. Rb1 Rb7 39. Rxb7 Bxb7 40. g4 h6 41. h4 h5 42. f5+ Kh7 43. g5 fxg5 44. hxg5 Rxf5 45. g6+ Kg8 46. Bf6 Rxf6 47. Rxf6 h4 48. Rd6 h3 49. Rd8+ Kg7 50. Rd7+ Kxg6 1-0

[Event "Metz op 37th"]
[Site "Metz"]
[Date "2019.04.11"]
[Round "5"]
[White "Muller, Etienne"]
[Black "Chigaeva, Anastasia"]
[Result "1/2-1/2"]
[WhiteElo "2166"]
[BlackElo "2158"]
[PlyCount "99"]
[EventDate "2019.04.08"]
[EventType "swiss"]
[EventRounds "9"]
[EventCountry "FRA"]
[SourceTitle "CBM 189 Extra"]
[Source "ChessBase"]
[SourceDate "2019.06.03"]
[SourceVersion "1"]
[SourceVersionDate "2019.06.03"]
[SourceQuality "1"]

1. e4 e6 2. Nf3 d5 3. Nc3 Nf6 4. e5 Nfd7 5. d4 c5 6. Bg5 Qb6 7. dxc5 Nxc5 8. Qd2 a6 9. 0-0-0 Nc6 10. h4 Qc7 11. Bd3 b5 12. Bf4 Bb7 13. Rhe1 0-0-0 14. Kb1 b4 15. Ne2 Ne4 16. Qe3 Bc5 17. Ned4 Qb6 18. Bf1 Nc3+ 19. bxc3 bxc3+ 20. Bb5 Nxd4 21. Nxd4 Bxd4 22. Rxd4 Qxb5+ 23. Kc1 Qb2+ 24. Kd1 Bc6 25. Qc1 Kc7 26. Bg5 Rb8 27. Be7 Kd7 28. Bd6 Qxc1+ 29. Kxc1 Rb2 30. Re3 Rxa2 31. Rxc3 Rc8 32. Kb1 Ra4 33. Rxa4 Bxa4 34. Rxc8 Kxc8 35. Bf8 g6 36. Kb2 Kb7 37. Bc5 Kc6 38. Be3 Bb5 39. Kb3 Bf1 40. g3 Kb5 41. Kc3 a5 42. Bh6 Bh3 43. Bf8 Bf5 44. Be7 Kc6 45. Bf8 h5 46. Be7 Be4 47. Bf8 Bf3 48. Be7 Kd7 49. Bc5 Ke8 50. Kb3 1/2-1/2

[Event "Metz op 37th"]
[Site "Metz"]
[Date "2019.04.10"]
[Round "4"]
[White "Pucher, Sebastien"]
[Black "Muller, Etienne"]
[Result "1-0"]
[WhiteElo "2309"]
[BlackElo "2166"]
[PlyCount "93"]
[EventDate "2019.04.08"]
[EventType "swiss"]
[EventRounds "9"]
[EventCountry "FRA"]
[SourceTitle "CBM 189 Extra"]
[Source "ChessBase"]
[SourceDate "2019.06.03"]
[SourceVersion "1"]
[SourceVersionDate "2019.06.03"]
[SourceQuality "1"]

1. b3 g6 2. Bb2 Nf6 3. g3 Bg7 4. Bg2 c6 5. c4 0-0 6. Nf3 d5 7. 0-0 Nbd7 8. d4 Re8 9. e3 b6 10. Nbd2 Bb7 11. b4 Rc8 12. Qb3 Qc7 13. Rfc1 Qb8 14. a4 a6 15. c5 b5 16. axb5 axb5 17. Ne5 Nxe5 18. dxe5 Nd7 19. f4 f6 20. e4 e6 21. exf6 Bxf6 22. Bxf6 Nxf6 23. e5 Nd7 24. Nf3 Qc7 25. h4 Ra8 26. Bh3 Nf8 27. Nd4 Rxa1 28. Rxa1 Bc8 29. Ra8 Kf7 30. Qa2 Re7 31. Kf2 Qb7 32. Ke3 Rc7 33. Qa1 Bd7 34. Ra6 Ke7 35. Qa5 Qb8 36. Ra8 Qb7 37. Ra6 Qb8 38. Qa1 Qb7 39. Qa2 Qb8 40. Bg4 Qc8 41. Qa1 Qb7 42. Ra2 Qb8 43. h5 Rb7 44. hxg6 hxg6 45. Ra8 Qc7 46. Qh1 Ra7 47. Qh4+ 1-0

[Event "Metz op 37th"]
[Site "Metz"]
[Date "2019.04.09"]
[Round "2"]
[White "Golubka, Petr"]
[Black "Muller, Etienne"]
[Result "1-0"]
[WhiteElo "2485"]
[BlackElo "2166"]
[PlyCount "49"]
[EventDate "2019.04.08"]
[EventType "swiss"]
[EventRounds "9"]
[EventCountry "FRA"]
[SourceTitle "CBM 189 Extra"]
[Source "ChessBase"]
[SourceDate "2019.06.03"]
[SourceVersion "1"]
[SourceVersionDate "2019.06.03"]
[SourceQuality "1"]

1. e4 c5 2. Nf3 d6 3. d4 cxd4 4. Nxd4 Nf6 5. Nc3 g6 6. Be3 Bg7 7. f3 0-0 8. Qd2 Nc6 9. 0-0-0 d5 10. Qe1 e6 11. h4 Qc7 12. h5 Nxh5 13. Ndb5 Qg3 14. Bf2 Qf4+ 15. Kb1 a6 16. exd5 axb5 17. dxc6 Qb4 18. Rh4 Qa5 19. Bc5 bxc6 20. Bxf8 Bxf8 21. Rxh5 gxh5 22. Qg3+ Kh8 23. Qe5+ Bg7 24. Qc5 e5 25. b4 1-0

[Event "Oberliga Sued W 1718"]
[Site "Germany"]
[Date "2017.11.12"]
[Round "4.2"]
[White "Kling, Felix"]
[Black "Muller, Etienne"]
[Result "0-1"]
[WhiteElo "2243"]
[BlackElo "2139"]
[PlyCount "44"]
[EventDate "2017.09.10"]
[EventType "team-tourn"]
[EventRounds "11"]
[EventCountry "GER"]
[SourceTitle "EXT 2019"]
[Source "ChessBase"]
[SourceDate "2018.10.10"]
[SourceVersion "1"]
[SourceVersionDate "2018.10.10"]
[SourceQuality "1"]
[WhiteTeam "Gau Algesheim"]
[BlackTeam "Saarbruecken Gambit"]
[WhiteTeamCountry "GER"]
[BlackTeamCountry "GER"]

1. d4 Nf6 2. Nf3 g6 3. c4 Bg7 4. Nc3 0-0 5. e4 d6 6. Be2 e5 7. 0-0 exd4 8. Nxd4 Re8 9. f3 Nc6 10. Be3 Nd7 11. Qd2 f5 12. Nxc6 bxc6 13. exf5 gxf5 14. Bg5 Bxc3 15. bxc3 Rxe2 16. Qxe2 Qxg5 17. f4 Qf6 18. Qe8+ Qf8 19. Qe6+ Qf7 20. Qh6 Nf6 21. Rf3 Ne4 22. Re1 Bd7 0-1

[Event "Lignano Sabbiadoro op 1st"]
[Site "Lignano Sabbiadoro"]
[Date "2015.08.08"]
[Round "9.9"]
[White "Muller, Etienne"]
[Black "Balzan, Alessandro"]
[Result "1-0"]
[WhiteElo "2167"]
[BlackElo "2079"]
[PlyCount "45"]
[EventDate "2015.08.01"]
[EventType "swiss"]
[EventRounds "9"]
[EventCountry "ITA"]
[SourceTitle "EXT 2024"]
[Source "ChessBase"]
[SourceDate "2023.10.10"]
[SourceVersion "1"]
[SourceVersionDate "2023.10.10"]
[SourceQuality "1"]

1. Nf3 d5 2. c4 e6 3. e3 Nf6 4. b3 Be7 5. Bb2 0-0 6. Nc3 b6 7. Bd3 Bb7 8. Qc2 dxc4 9. bxc4 Nbd7 10. Be2 c5 11. Rg1 Bd6 12. g4 e5 13. g5 Ne8 14. Ne4 Bc7 15. h4 Nd6 16. Nf6+ Nxf6 17. gxf6 g6 18. Nxe5 Ne8 19. Nxg6 fxg6 20. Rxg6+ Kf7 21. Rh6 Rh8 22. Bh5+ Kf8 23. Rxh7 1-0

[Event "Lignano Sabbiadoro op 1st"]
[Site "Lignano Sabbiadoro"]
[Date "2015.08.04"]
[Round "5.6"]
[White "Muller, Etienne"]
[Black "Simonetto, Adriano"]
[Result "1/2-1/2"]
[WhiteElo "2167"]
[BlackElo "2065"]
[PlyCount "50"]
[EventDate "2015.08.01"]
[EventType "swiss"]
[EventRounds "9"]
[EventCountry "ITA"]
[SourceTitle "EXT 2024"]
[Source "ChessBase"]
[SourceDate "2023.10.10"]
[SourceVersion "1"]
[SourceVersionDate "2023.10.10"]
[SourceQuality "1"]

1. Nf3 d5 2. c4 e6 3. e3 Nf6 4. b3 Be7 5. Bb2 0-0 6. Nc3 c5 7. cxd5 Nxd5 8. Nxd5 Qxd5 9. Bc4 Qf5 10. Ne5 Nd7 11. g4 Qg5 12. h4 Qh6 13. g5 Bxg5 14. Rg1 Nxe5 15. Rxg5 f6 16. Rh5 Qg6 17. Bxe5 fxe5 18. Rg5 Qf6 19. Qg4 Qxf2+ 20. Kd1 Qf3+ 21. Qxf3 Rxf3 22. Rxe5 b6 23. Kc2 Kf7 24. Bd3 Bb7 25. Rg1 h6 1/2-1/2

[Event "Lignano Sabbiadoro op 1st"]
[Site "Lignano Sabbiadoro"]
[Date "2015.08.02"]
[Round "2.7"]
[White "Muller, Etienne"]
[Black "Lupo, Francesco"]
[Result "1-0"]
[WhiteElo "2167"]
[BlackElo "1919"]
[PlyCount "68"]
[EventDate "2015.08.01"]
[EventType "swiss"]
[EventRounds "9"]
[EventCountry "ITA"]
[SourceTitle "EXT 2024"]
[Source "ChessBase"]
[SourceDate "2023.10.10"]
[SourceVersion "1"]
[SourceVersionDate "2023.10.10"]
[SourceQuality "1"]

1. Nf3 Nf6 2. g3 g6 3. Bg2 Bg7 4. 0-0 0-0 5. Nc3 d5 6. d3 c6 7. Rb1 Re8 8. b4 e5 9. Nd2 Be6 10. Na4 Nbd7 11. Nb3 b6 12. Bb2 Qc7 13. Qd2 Rad8 14. Rfc1 Nh5 15. Ba1 f5 16. Nb2 Qd6 17. c4 Ndf6 18. c5 Qf8 19. cxb6 Bh6 20. e3 axb6 21. Rxc6 d4 22. Nd1 dxe3 23. fxe3 f4 24. Rxb6 fxe3 25. Qe2 Bg4 26. Bf3 Nd5 27. Bxg4 Nxb6 28. Nc5 Qd6 29. Nxe3 Nf6 30. Bf3 Nbd5 31. Nc4 Qb8 32. Bxe5 Nc3 33. Qc2 Rxe5 34. Nxe5 Qxe5 1-0

[Event "Luxembourg-chT 1415"]
[Site "Luxembourg"]
[Date "2014.10.19"]
[Round "2"]
[White "Gengler, Pierre"]
[Black "Muller, Etienne"]
[Result "1/2-1/2"]
[WhiteElo "2189"]
[BlackElo "2095"]
[PlyCount "121"]
[EventDate "2014.10.05"]
[EventType "team-tourn"]
[EventRounds "10"]
[EventCountry "LUX"]
[SourceTitle "EXT 2017"]
[Source "ChessBase"]
[SourceDate "2016.10.25"]
[SourceVersion "1"]
[SourceVersionDate "2016.10.25"]
[SourceQuality "1"]

1. e4 c5 2. Nf3 e6 3. g3 Nc6 4. Bg2 d6 5. d4 cxd4 6. Nxd4 Bd7 7. 0-0 Be7 8. Nc3 a6 9. Be3 Nf6 10. h3 Rc8 11. g4 h6 12. Kh1 Nxd4 13. Qxd4 e5 14. Qd2 Rc4 15. b3 Rc8 16. Ne2 b5 17. Ng3 Qc7 18. Rac1 Qc3 19. Qe2 g6 20. Rfd1 h5 21. g5 Nh7 22. h4 Bg4 23. Bf3 Be6 24. Rg1 Kd7 25. a4 Rb8 26. axb5 axb5 27. Qf1 Rhc8 28. Be2 b4 29. Bb5+ Kd8 30. Qe2 Nf8 31. Rgd1 Bd7 32. Bc4 Be6 33. Bd5 Nd7 34. Qa6 Bxd5 35. Rxd5 Ra8 36. Qb5 Rab8 37. Qa5+ Ke8 38. Ne2 Qc6 39. c4 Nb6 40. Bxb6 Rxb6 41. Qa2 Ra8 42. Qd2 Qd7 43. Qe3 Rc6 44. c5 Rac8 45. cxd6 Rxc1+ 46. Nxc1 Bxd6 47. Ne2 Ra8 48. Kh2 Ra2 49. Nc1 Ra1 50. Qd2 Ke7 51. Qb2 Qa7 52. Qc2 Rxc1 53. Qxc1 Qxf2+ 54. Kh1 Qxh4+ 55. Kg1 Qg4+ 56. Kf1 Qxe4 57. Qc6 Qf3+ 58. Kg1 Qe3+ 59. Kf1 Qf4+ 60. Ke1 Qg3+ 61. Kf1 1/2-1/2

[Event "FRA-ch op-B"]
[Site "Nancy"]
[Date "2013.08.23"]
[Round "11"]
[White "Racle, Valentin"]
[Black "Muller, Etienne"]
[Result "1/2-1/2"]
[WhiteElo "1945"]
[BlackElo "1907"]
[PlyCount "223"]
[EventDate "2013.08.11"]
[EventType "swiss"]
[EventRounds "11"]
[EventCountry "FRA"]
[SourceTitle "CBM 156 Extra"]
[Source "ChessBase"]
[SourceDate "2013.10.22"]
[SourceVersion "1"]
[SourceVersionDate "2013.10.22"]
[SourceQuality "1"]

1. c4 Nf6 2. Nc3 e5 3. g3 Bc5 4. Bg2 Nc6 5. e3 a6 6. Nge2 Ba7 7. a3 d6 8. 0-0 Bf5 9. h3 Qd7 10. Kh2 0-0 11. d3 Rfe8 12. b4 Rab8 13. Bb2 h5 14. Nd5 Nxd5 15. cxd5 Ne7 16. e4 Bh7 17. f4 h4 18. f5 c6 19. dxc6 bxc6 20. gxh4 a5 21. Ng3 axb4 22. Nh5 bxa3 23. Bxa3 Nxf5 24. Qg4 Bg6 25. exf5 Bxh5 26. Qxh5 f6 27. Qe2 d5 28. h5 Bd4 29. Rad1 Ra8 30. Bc1 Qc7 31. Kh1 Ra4 32. Qc2 Ra5 33. Bd2 Rc5 34. Qa4 Rb8 35. Rc1 Rb2 36. Bb4 Rxc1 37. Rxc1 e4 38. Ba3 Rd2 39. Qxd4 Qg3 40. Rg1 Rxd3 41. Qc5 Rxa3 42. Qxc6 Qh4 43. Qe8+ Kh7 44. Qg6+ Kg8 45. Qg4 Qg3 46. Bxe4 Qxh3+ 47. Qxh3 Rxh3+ 48. Kg2 Rxh5 49. Bxd5+ Kf8 50. Be6 Rh4 51. Kg3 Re4 52. Kf3 Re5 53. Kf4 Re2 54. Bd5 Re5 55. Bf3 Ra5 56. Re1 Rb5 57. Re4 g6 58. fxg6 Kg7 59. Re7+ Kxg6 60. Be4+ f5 61. Re6+ Kf7 62. Bxf5 Rb4+ 63. Kg5 Rb2 64. Rd6 Rg2+ 65. Bg4 Ke7 66. Rd7+ Ke8 67. Ra7 Kd8 68. Kf5 Rc2 69. Kf6 Rh2 70. Be6 Rb2 71. Ke5 Rb5+ 72. Kf6 Rb2 73. Bd5 Re2 74. Be6 Rb2 75. Kf5 Rb5+ 76. Ke4 Rh5 77. Bf5 Rh2 78. Ke5 Rb2 79. Be4 Rd2 80. Bd5 Ke8 81. Kd6 Kf8 82. Rf7+ Ke8 83. Rg7 Rf2 84. Be6 Rd2+ 85. Ke5 Kd8 86. Bd5 Ke8 87. Kd6 Rf2 88. Ra7 Kf8 89. Ke5 Rh2 90. Be6 Rf2 91. Bf5 Ke8 92. Rc7 Kd8 93. Rd7+ Ke8 94. Rb7 Kd8 95. Kd6 Rd2+ 96. Kc6 Ke8 97. Be4 Rh2 98. Bd5 Rh6+ 99. Kc5 Rh2 100. Kd6 Kf8 101. Be6 Re2 102. Rh7 Rd2+ 103. Bd5 Re2 104. Rf7+ Ke8 105. Rg7 Rf2 106. Be6 Rd2+ 107. Ke5 Kd8 108. Kf6 Rf2+ 109. Bf5 Rb2 110. Rd7+ Ke8 111. Rc7 Rd2 112. Be6 1/2-1/2

[Event "FRA-ch op-B"]
[Site "Nancy"]
[Date "2013.08.18"]
[Round "6"]
[White "Muller, Etienne"]
[Black "Armas, Lara Maria"]
[Result "1-0"]
[WhiteElo "1907"]
[BlackElo "1946"]
[PlyCount "47"]
[EventDate "2013.08.11"]
[EventType "swiss"]
[EventRounds "11"]
[EventCountry "FRA"]
[SourceTitle "CBM 156 Extra"]
[Source "ChessBase"]
[SourceDate "2013.10.22"]
[SourceVersion "1"]
[SourceVersionDate "2013.10.22"]
[SourceQuality "1"]

1. Nf3 d5 2. c4 c6 3. e3 Nf6 4. Nc3 e6 5. b3 Bd6 6. Qc2 0-0 7. Bb2 Nbd7 8. Be2 Re8 9. Rg1 Nf8 10. g4 e5 11. g5 N6d7 12. cxd5 cxd5 13. Nxd5 b6 14. Qc6 Nc5 15. Qxa8 Qd7 16. Nc3 Bb7 17. Qxa7 Bc7 18. Na4 Nd3+ 19. Bxd3 Bxf3 20. Be2 Bxe2 21. Kxe2 Rd8 22. Bc3 Qc6 23. Qa6 e4 24. Qc4 1-0

[Event "Lorraine-ch"]
[Site "Hayange"]
[Date "2013.05.17"]
[Round "1"]
[White "Berthier, Grant"]
[Black "Muller, Etienne"]
[Result "0-1"]
[WhiteElo "1470"]
[BlackElo "1903"]
[PlyCount "66"]
[EventDate "2013.05.17"]
[EventType "swiss"]
[EventRounds "7"]
[EventCountry "FRA"]
[SourceTitle "EXT 2014"]
[Source "ChessBase"]
[SourceDate "2013.11.20"]
[SourceVersion "1"]
[SourceVersionDate "2013.11.20"]
[SourceQuality "1"]

1. d4 Nf6 2. Bf4 c5 3. c3 g6 4. e3 Bg7 5. dxc5 0-0 6. Nf3 Nc6 7. Bd3 Nh5 8. Bg3 Nxg3 9. fxg3 Qa5 10. 0-0 Qxc5 11. Re1 d5 12. Nbd2 e5 13. Nb3 Qb6 14. Bc2 Ne7 15. Qd2 Bg4 16. Rab1 Rad8 17. Rbd1 Rfe8 18. Rc1 Nf5 19. Bxf5 Bxf5 20. Qd1 Bh6 21. Qe2 a5 22. Nh4 Be4 23. Na1 d4 24. cxd4 exd4 25. Rcd1 Bxe3+ 26. Kh1 Bc6 27. h3 Bb5 28. Qf3 d3 29. Nb3 a4 30. Nd2 Bxd2 31. Rxe8+ Rxe8 32. Rxd2 Re1+ 33. Kh2 Qg1# 0-1

[Event "Wasselonne op"]
[Site "Wasselonne"]
[Date "2009.08.09"]
[Round "7"]
[White "Muller, Etienne"]
[Black "Hug, Timothee"]
[Result "0-1"]
[WhiteElo "1630"]
[BlackElo "1590"]
[PlyCount "152"]
[EventDate "2009.08.06"]
[EventType "swiss"]
[EventRounds "7"]
[EventCountry "FRA"]
[SourceTitle "EXT 2011"]
[Source "ChessBase"]
[SourceDate "2010.11.26"]
[SourceVersion "1"]
[SourceVersionDate "2010.11.26"]
[SourceQuality "1"]

1. c4 e5 2. Nc3 Nf6 3. g3 c6 4. Bg2 d5 5. cxd5 cxd5 6. d4 e4 7. e3 Be6 8. Nge2 Bd6 9. Bd2 a6 10. 0-0 Nc6 11. a3 Qd7 12. Rc1 b5 13. b4 Bh3 14. Qb3 Ne7 15. Na2 0-0 16. Nf4 Bxf4 17. exf4 Ng6 18. Rc5 Rac8 19. Rfc1 Ne7 20. R1c2 Bxg2 21. Kxg2 Rfd8 22. Qc3 h6 23. Rc7 Qd6 24. Qc5 Ne8 25. Qxd6 Nxd6 26. Rxc8 Rxc8 27. Rxc8+ Nexc8 28. Nc3 Nb6 29. f3 f5 30. h3 Ndc4 31. Bc1 Kf7 32. g4 g6 33. h4 exf3+ 34. Kxf3 Ke6 35. g5 h5 36. Ke2 Nd6 37. Nd1 Ne4 38. Nf2 Nc4 39. Nd1 Kd6 40. Kd3 Kc6 41. Nb2 Nxa3 42. Ke2 Nc2 43. Nd3 Nxd4+ 44. Kf1 Nf3 45. Kg2 Nxh4+ 46. Kh3 Nf3 47. Kg2 Nfd2 48. Bxd2 Nxd2 49. Ne5+ Kd6 50. Nxg6 Ke6 51. Nh4 Ne4 52. Nf3 Nc3 53. Nd4+ Kf7 54. Nxf5 Na2 55. Nd4 Nxb4 56. f5 Nd3 57. g6+ Kf6 58. Ne6 Ne5 59. Nf4 Ng4 60. Nxd5+ Kxf5 61. g7 Nh6 62. Nc7 Kf6 63. g8N+ Nxg8 64. Nxa6 Ne7 65. Nb4 Kg5 66. Nd3 Nf5 67. Kf2 h4 68. Ke1 Kg4 69. Kd2 h3 70. Nf2+ Kg3 71. Nxh3 Kxh3 72. Kc3 Nd6 73. Kd4 Kg3 74. Kd5 Kf4 75. Kd4 b4 76. Kd3 Ke5 0-1